000 00333nam a2200145Ia 4500
001 R-523
003 CODICE-MESSINA
005 20260212102453.0
008 260211s9999 xx 000 0 und d
040 _cimportazione_messina
100 _aManlio Cangni
245 0 _aAllegri , Gioventu'
260 _bRizzoli
942 _2ddc
_cBK
999 _c27008
_d27008